000
00261nam a22001097a 4500
082
_a
294/CHA
100
_a
Chattopadhyay,Utpal
_9
83263
245
_a
The Wonder That Is Hinduism
260
_a
Kolkata
_b
Blossom Books
_c
2021
650
_a
Regigon
_9
83264
942
_c
BK
999
_c
68111
_d
68111